Statistics for NFL Mock Draft 2021 (Rounds 3+4)

Click here to take the quiz!

General Stats

  • This quiz has been taken 18 times
  • The average score is 20 of 80

Answer Stats

PickTeamAnswerPositionCollege% Correct
78VikingsKyle TraskQBFlorida
93%
71BroncosDavis MillsQBStanford
73%
118ChargersBobby Brown IIIDTTexas A&M
67%
82Football TeamDyami BrownWRNorth Carolina
67%
85TitansSpencer BrownOTNorthern Iowa
67%
112LionsKellen MondQBTexas A&M
60%
128SteelersDan Moore Jr.OTTexas A&M
53%
72LionsRondale MooreWRPurdue
53%
74Football TeamBrevin JordanTEMiami
47%
101LionsJamar JohnsonSIndiana
47%
83Giants (via Bears)Kenneth GainwellRBMemphis
47%
65JaguarsShaun WadeCBOhio State
47%
80RaidersDylan MosesLBAlabama
40%
81DolphinsPete WernerLBOhio State
40%
66JetsTrey SermonRBOhio State
40%
129SeahawksAmari RodgersWRClemson
33%
70EaglesBaron BrowningLBOhio State
33%
94ChiefsElerson SmithEDGENorthern Iowa
33%
133SaintsJordan SmithEDGEUAB
33%
68FalconsRichie GrantSUCF
33%
76GiantsTrey SmithOGTennessee
33%
90VikingsTylan WallaceWROklahoma State
33%
77ChargersBrady ChristensenOTBYU
27%
98SaintsChazz SurrattLBNorth Carolina
27%
130JaguarsChuba HubbardRBOklahoma State
27%
67TexansJabril CoxLBLSU
27%
75CowboysJoseph OssaiEDGETexas
27%
103RamsJosh MyersCOhio State
27%
79RaidersKelvin JosephCBKentucky
27%
96PatriotsKendrick GreenOGIllinois
27%
92PackersMilton WilliamsDTLouisianna Tech
27%
89BrownsNico CollinsWRMichigan
27%
95BuccaneersPaulson AdeboCBStanford
27%
116GiantsRodarius WilliamsCBOklahoma State
27%
86JetsTommy TrembleTENotre Dame
27%
126TitansTrill WilliamsSSyracuse
27%
93BillsWyatt DavisOGOhio State
27%
106JaguarsD’Wayne EskridgeWRWestern Michigan
20%
104RavensJackson CarmanOGClemson
20%
137BuccaneersJames HudsonOTCincinnati
20%
111BengalsJanarius RobinsonEDGEFlorida State
20%
122PatriotsJay TufeleDTUSC
20%
131RavensPayton TurnerDEHouston
20%
84EaglesRashad WeaverDEPittsburgh
20%
73PanthersTamorrion TerryWRFlorida State
20%
107JetsTay GowanCBUCF
20%
119VikingsWalker LittleOTStanford
20%
121RaidersAaron BanksOGNotre Dame
13%
136Jaguars (via Chiefs)Andre CiscoSSyracuse
13%
10249ersBenjamin St-JusteCBMinnesota
13%
140SteelersCameron McGroneLBMichigan
13%
123EaglesKary Vincent Jr.CBLSU
13%
69BengalsMarvin WilsonDTFlorida State
13%
134VikingsQuincy RocheEDGEMiami
13%
138CowboysTommy TogiaiDTOhio State
13%
108Bills (via Falcons)Tre’ McKittyTEGeorgia
13%
132BrownsAmbry ThomasCBMichigan
7%
110BrownsBen ClevelandOGGeorgia
7%
91BrownsChauncey GolstonDEIowa
7%
97ChargersChris Rumph IIEDGEDuke
7%
87SteelersDaelin HayesEDGENotre Dame
7%
139PatriotsDarren HallCBSan Diego State
7%
109TexansDayo OdeyingboEDGEVanderbilt
7%
120PatriotsDemetric FeltonRBUCLA
7%
142Colts (via Packers)Derrick BarnesLBPurdue
7%
143VikingsDivine DeabloSVirginia Tech
7%
11749ersDrew DalmanCStanford
7%
115CowboysFrank DarbyWRArizona State
7%
141RamsHamilcar Rashed Jr.EDGEOregon State
7%
100TitansJaCoby StevensSLSU
7%
99CowboysJohn BatesTEBoise State
7%
135Colts (via Packers)Josh PalmerWRTennessee
7%
124Football TeamKeith TaylorCBWashington
7%
125VikingsKylen GransonTESMU
7%
88RamsOsa OdighizuwaEDGEUCLA
7%
113PanthersRhamondre StevensonRBOklahoma
7%
127ColtsRobert RochellCBCentral Arkansas
7%
144ChiefsSimi FehokoWRStanford
7%
114BroncosTa’Quon GrahamDTTexas
7%
105SaintsTyler ShelvinDTLSU
7%

Score Distribution

Percentile by Number Answered

Percent of People with Each Score

Your Score History

You have not taken this quiz